ROBLOX Quiz - Statistics

General Stats
  • This quiz has been taken 40 times
    13 since last reset
  • The average score is 6 of 14
Answer Stats
Question Answer % Correct
In which year was ROBLOX created? 2006
100%
In what games do they have meeps? MeepCity
83%
What is the most popular ROBLOX game? Brookhaven
75%
In what year was Natural Disaster Survival created? 2008
67%
In Adopt Me, if you want to make a neon pet, how many grown pets do you need? 4
50%
What popular game is made by Nikilis and has more then 2 Million visits? Murder Mystery 2
50%
Who created ROBLOX? David Baszuki
42%
You can't say some things in ROBLOX, what will it turn into if you say some of them? Hashtags
42%
An admin that begins with a B builderman
33%
What member sadly passed away from cancer and has a rare username? erik.cassel
33%
What game did callmehbob make? Royale High
8%
If you subscribe to ROBLOX Premium, and you want to buy 800 Robux, then you'll get extra Robux, how much? 80
0%
Who is the creator of Adopt Me? NewFissy
0%
What is the most popular game made by BIG Games? Pet Simulator X
0%
No matching quizzes found
Score Distribution
Percent of People with Each Score
Percentile by Number Answered
Your Score History
You have not taken this quiz since the last reset